000 00733nam a2200265Ia 4500
003 OSt
005 20221005085234.0
006 a|||||r|||| 00| 0
007 ta
008 221004b |||||||| |||| 00| 0 eng d
024 _a39000
037 _cTextual
040 _aCRL
_cCRL
_beng
041 _2eng
_aeng
082 _aO111:gJ, K5
100 _aMoore Harry T Ed.
110 _aGift from Prof Amitava Banerjee, London
245 0 _aElizabethan age
260 _aNew York
_bDell Publishing Co. USA
_c1965
300 _a544p.
_ccm.
650 _aENGLISH LITERATURE
700 _aGift from Prof Amitava Banerjee, London
942 _hO111:gJ, K5
_cTEXL
_2cc
999 _c993940
_d993940